Statistics for Clubs With the Most Players at the Copa America 2021

Click here to take the quiz!

General Stats

  • This quiz has been taken 83 times
  • The average score is 9 of 29

Answer Stats

NumberAnswer% Correct
3Barcelona SC
88%
3Real Madrid
87%
4Paris Saint-Germain
81%
4Inter Milan
78%
3Manchester City
78%
7River Plate
69%
4Juventus
65%
3Liverpool
64%
6Atlético Madrid
58%
4Flamengo
47%
3Palmeiras
38%
3FC Porto
35%
3Nacional
32%
3Atalanta
23%
3Real Betis
18%
4Atlético Mineiro
13%
3Udinese
13%
4Fiorentina
12%
4The Strongest
10%
7Bolívar
8%
4Cerro Porteño
5%
3Vélez Sarsfield
5%
4Always Ready
4%
3Universitario de Deportes
4%
4Genk
3%
3Club León
0%
3Deportivo La Guaira
0%
3Melgar
0%
3Santos Laguna
0%

Score Distribution

Percentile by Number Answered

Percent of People with Each Score

Your Score History

You have not taken this quiz